000 00676cam a2200229 4500
001 X104665
008 000000n2000 000 0 eng u
035 _a(Sirsi) u104665
245 _aSpecial report 2000: Europe and MIPIM
260 _c2000
490 _aEstates Gazette
_v9(4) 4 March 2000 127-151(11)
520 _aLooks at use of the internet by French retailers, leisure schemes in Spain, the commercial property market in Russia, and the diary for MIPIM 2000.
650 _aRETAILING
650 _aINTERNET
650 _aSPAIN
650 _aRUSSIA
650 _aFRANCE
650 _aLEISURE SCHEMES
650 _aMIPIM
690 _aEUROPE
942 _n0
999 _c62797
_d62797